000 00629nam a2200217 i 4500
001 C2-0241666
003 PPAK
005 20180727203937.0
008 020811s1982 my |||| ||||| | eng d
040 _aPPAK
_beng
_cPPAK
_erda
082 0 4 _a899.2300905
_223
090 0 0 _a899.2300905
_bLAP
_dKSI
245 0 0 _aLaporan Panel Anugerah Sastera Negara 1982
264 1 _aKuala Lumpur :
_bDewan Bahasa dan Pustaka ,
_c1982
300 _a44 pages ;
_c21 cm
336 _2rdacontent
_atext
337 _2rdamedia
_aunmediated
338 _2rdacarrier
_avolume
650 1 0 _aliterary prize - Malaysia - Periodicals.
942 _ddc
_cB
999 _c56614
_d56614